|
|
|
|
| LEADER |
00000cam a2200000Mi 4500 |
| 001 |
JSTOR_ocn902829085 |
| 003 |
OCoLC |
| 005 |
20231005004200.0 |
| 006 |
m o d |
| 007 |
cr |||||||n|n| |
| 008 |
140630s2015 wau ob 001 0 eng d |
| 040 |
|
|
|a P@U
|b eng
|e pn
|e rda
|c P@U
|d OCLCO
|d OCLCF
|d OCLCQ
|d OCLCO
|d JSTOR
|d CSA
|d OCLCO
|d OCLCQ
|
| 020 |
|
|
|a 9780295805429
|
| 020 |
|
|
|a 0295805420
|
| 020 |
|
|
|z 9780295994024
|q (hard cover ;
|q acid-free paper)
|
| 020 |
|
|
|z 9780295994031
|q (pbk. ;
|q acid-free paper)
|
| 020 |
|
|
|z 0295994037
|
| 029 |
1 |
|
|a AU@
|b 000065455336
|
| 029 |
1 |
|
|a AU@
|b 000070016823
|
| 035 |
|
|
|a (OCoLC)902829085
|
| 037 |
|
|
|a 22573/ctvct3cpz
|b JSTOR
|
| 043 |
|
|
|a n-us---
|
| 050 |
|
4 |
|a PS153.A84
|b Z25 2015
|
| 072 |
|
7 |
|a LIT
|x 004030
|2 bisacsh
|
| 072 |
|
7 |
|a SOC
|x 043000
|2 bisacsh
|
| 082 |
0 |
4 |
|a 810.9/895
|2 23
|
| 049 |
|
|
|a UAMI
|
| 100 |
1 |
|
|a Zhou, Xiaojing,
|d 1952-
|e author.
|
| 245 |
1 |
0 |
|a Cities of Others :
|b reimagining urban spaces in Asian American literature /
|c Xiaojing Zhou.
|
| 264 |
|
1 |
|a Seattle :
|b University of Washington Press,
|c [2015]
|
| 300 |
|
|
|a 1 online resource (pages cm).
|
| 336 |
|
|
|a text
|b txt
|2 rdacontent
|
| 337 |
|
|
|a computer
|b c
|2 rdamedia
|
| 338 |
|
|
|a online resource
|b cr
|2 rdacarrier
|
| 490 |
0 |
|
|a The Scott and Laurie Oki Series in Asian American Studies
|
| 504 |
|
|
|a Includes bibliographical references and index.
|
| 588 |
0 |
|
|a Print version record.
|
| 590 |
|
|
|a JSTOR
|b Books at JSTOR Evidence Based Acquisitions
|
| 590 |
|
|
|a JSTOR
|b Books at JSTOR All Purchased
|
| 590 |
|
|
|a JSTOR
|b Books at JSTOR Demand Driven Acquisitions (DDA)
|
| 650 |
|
0 |
|a Asian Americans in literature.
|
| 650 |
|
0 |
|a Cities and towns in literature.
|
| 650 |
|
0 |
|a Public spaces in literature.
|
| 650 |
|
0 |
|a American literature
|x Asian American authors
|x History and criticism.
|
| 650 |
|
6 |
|a Américains d'origine asiatique dans la littérature.
|
| 650 |
|
6 |
|a Espaces publics dans la littérature.
|
| 650 |
|
6 |
|a Littérature américaine
|x Auteurs américains d'origine asiatique
|x Histoire et critique.
|
| 650 |
|
7 |
|a LITERARY CRITICISM / American / Asian American
|2 bisacsh
|
| 650 |
|
7 |
|a American literature
|x Asian American authors.
|2 fast
|0 (OCoLC)fst00807125
|
| 650 |
|
7 |
|a Asian Americans in literature.
|2 fast
|0 (OCoLC)fst00818675
|
| 650 |
|
7 |
|a Cities and towns in literature.
|2 fast
|0 (OCoLC)fst00861865
|
| 650 |
|
7 |
|a Public spaces in literature.
|2 fast
|0 (OCoLC)fst01083063
|
| 655 |
|
7 |
|a Criticism, interpretation, etc.
|2 fast
|0 (OCoLC)fst01411635
|
| 776 |
0 |
8 |
|i Print version:
|a Zhou, Xiaojing, 1952-
|t Cities of Others.
|d Seattle : University of Washington Press, [2015]
|w (DLC) 2014025250
|
| 856 |
4 |
0 |
|u https://jstor.uam.elogim.com/stable/10.2307/j.ctvcwnxf4
|z Texto completo
|
| 938 |
|
|
|a Project MUSE
|b MUSE
|n muse37808
|
| 994 |
|
|
|a 92
|b IZTAP
|